000 00577nam a2200193 a 4500
005 20140311163003.0
008 000524s19uu xx 00 eng d
020 _a0761902503
050 _aBF 637.C6
_b.P36 1997
100 _aPerdersen, Paul B.
245 _aCulture-centered counseling interventions :
_bstriving for accuracy /
260 _aLondon :
_bSage publication,
_c1997.
300 _axiii , 329 p. :
_bill. ;
_c23 cm.
521 _aPSYCH
650 _aCross- cultural counseling
650 _aPsychotheraphy
_xI. Title
942 _cBK
_2lcc
_kFOR
999 _c39259
_d39259